Social Responsibility of Accountants: Lessons Learned from the Changes after 1989 in the Slovak Republic

Profesia účtovníka a jej legislatívna úprava na Slovensku. Nedostatočná štatutárna regulácia profesie ako dôvod pre nízku kvalitu a status profesie účtovníka. Návrhy a odporúčania skvalitnenia profesie, predovšetkým etické štandardy.

Gespeichert in:
Bibliographische Detailangaben
1. Verfasser: Maděra, František
Format: Buchkapitel
Sprache:Englisch
Schlagworte:
Tags: Tag hinzufügen
Keine Tags, Fügen Sie das erste Tag hinzu!

MARC

LEADER 00000nla a2200000 4500
001 0183724
005 20240502083432.4
041 0 |a eng 
044 |a CH 
245 1 0 |a Social Responsibility of Accountants: Lessons Learned from the Changes after 1989 in the Slovak Republic  |c František Maděra 
520 |a Profesia účtovníka a jej legislatívna úprava na Slovensku. Nedostatočná štatutárna regulácia profesie ako dôvod pre nízku kvalitu a status profesie účtovníka. Návrhy a odporúčania skvalitnenia profesie, predovšetkým etické štandardy. 
610 2 0 |a zodpovednosť 
610 2 0 |a regulácia 
610 2 0 |a účtovníctvo 
610 2 0 |a účtovníci 
610 2 0 |a kvalita 
610 2 0 |a Slovensko 
100 1 |a Maděra, František